Portsmouth FC Squad 2024-2025 - Statistics

General Stats
  • This quiz has been taken 40 times
  • The average score is 22 of 42
Answer Stats
# Position Nation Player % Correct
13 GK Austria Nicolas Schmid
88%
9 FW England Colby Bishop
85%
23 FW England Josh Murphy
81%
5 DF Wales Regan Poole
81%
22 DF England Zak Swanson
81%
7 MF England Marlon Pack
77%
1 GK England Will Norris
77%
49 FW England Callum Lang
69%
3 DF England Connor Ogilvie
69%
32 FW Northern Ireland Paddy Lane
69%
8 MF England Freddie Potts
65%
2 DF England Jordan Williams
65%
10 FW Australia Kusini Yengi
65%
15 FW England Christian Saydee
62%
6 DF Ireland Conor Shaughnessy
62%
19 DF Australia Jacob Farrell
62%
- Coach England John Mousinho
62%
31 GK Scotland Jordan Archer
62%
24 DF Northern Ireland Terry Devlin
62%
25 MF Guinea Abdoulaye Kamara
58%
21 MF England Andre Dozzell
58%
18 FW Denmark Elias Sørensen
58%
30 MF Scotland Matt Ritchie
54%
44 DF Australia Hayden Matthews
50%
36 GK England Ben Killip
46%
4 DF England Ryley Towler
46%
20 FW Australia Thomas Waddingham
46%
29 FW England Harvey Blair
42%
11 FW Ireland Mark O'Mahony
42%
17 MF France Adil Aouchiche
38%
45 MF Jamaica Isaac Hayden
38%
37 DF Sweden Alexander Milošević
35%
20 FW Australia Sam Silvera
35%
16 DF Scotland Tom McIntyre
35%
34 DF Scotland Ibane Bowat
31%
35 DF England Rob Atkinson
31%
33 GK England Toby Steward
31%
17 MF England Owen Moxon
23%
14 MF England Ben Stevenson
19%
14 FW England Kaide Gordon
19%
18 DF England Cohen Bramall
15%
26 MF England Tom Lowery
15%
No matching quizzes found
Score Distribution
Percent of People with Each Score
Percentile by Number Answered
Your Score History
You have not taken this quiz